| 000 | 00859nam a22002417a 4500 | ||
|---|---|---|---|
| 999 |
_c19971 _d19971 |
||
| 003 | AR-CdUCM | ||
| 008 | 190524b ||||| |||| 00| 0 spa d | ||
| 040 |
_aMUNICIPALIDAD PROVINCIAL DEL CUSCO _cBIBLIOTECA MUNICIPAL DEL CUSCO |
||
| 082 |
_a109 / _bG26 |
||
| 100 |
_aGarcia Marcos, Manuel _941785 |
||
| 245 |
_aCurso de historia de la filosofía : _bOrientación universitaria / |
||
| 260 |
_aMadrid : _bAlhambra, _c1979. |
||
| 300 |
_a409 páginas ; _c25 cm. |
||
| 440 |
_aProyecto MT-62 Alhambra _941786 |
||
| 505 | _aContenido : Naturaleza como aquello de lo que proceden las cosas en general -- Condicionamientos históricos... | ||
| 650 |
_aPensamiento Griego _941787 |
||
| 650 |
_aRacionalismo _92602 |
||
| 650 |
_aEmpirismo _941788 |
||
| 650 |
_aMarxismo _924 |
||
| 650 |
_aHistoricismo y vitalismo _941789 |
||
| 942 |
_2ddc _cLIBROS |
||
| 945 | _arcc | ||